| 000 | 00623nam a2200193 a 4500 | ||
|---|---|---|---|
| 001 | 2544 | ||
| 003 | CO-ViMGA | ||
| 008 | 141112s2004 ck r 000 u spa d | ||
| 040 |
_aCO-ViMGA _bspa _cCO-ViMGA |
||
| 082 | 0 | 4 | _a738.15 S245 |
| 100 | 1 |
_aSchmitt Menzel, Isol de _95004 |
|
| 245 | 1 | 0 | _aDecoración de objetos de cerámica |
| 260 |
_aBarcelona : _bCeac, _c1988 |
||
| 300 | _a46 p : il | ||
| 490 | _aCómo hacerlo, 48 | ||
| 505 | _aCerámica para decorar 6 - - Hornos para cerámica 14 Vasos numerados 20 - - Florero redondo 36 - - Un plato navideño 46 | ||
| 650 | 1 | 4 |
_aCERAMICA - DECORACION _95005 |
| 942 |
_2ddc _cBK |
||
| 999 |
_c14621 _d14621 |
||